Invertebrados : Insectos /

Guardado en:
Autor Principal: Tibaldi, Ettore.
Formato: Libro
Idioma:Spanish
Publicado: Madrid : Aguilar, 1974.
Series:Enciclopedia monográfica de ciencias naturales ; 3
Etiquetas: Agregar Etiqueta
Sin Etiquetas, Sea el primero en etiquetar este registro!
LEADER 00516nam a22001575a 4500
001 EEA.libagro011573
008 250414s1974####sp############000#0#spa#d
005 20250416153500.0
245 1 0 |a Invertebrados :  |b Insectos /  |c Ettore Tibaldi y Sergio Zangheri. 
260 |a Madrid :  |b Aguilar,  |c 1974. 
300 |a 399 p. :  |b il. col. ;  |c 28 cm. 
020 |a 8403400503 
100 1 |a Tibaldi, Ettore. 
830 0 |a Enciclopedia monográfica de ciencias naturales ;  |v 3 
082 0 4 |a 592 
859 |a AR-BbBCA  |b BIB. AGRONOMIA  |h 592  |i T552  |p 2025/7404